000
00207nam a2200085 4500
001
1258556
005
20260312191812.0
245
_a
SON ADA'NIN ÇOCUKLARI
_c
ZÜLFÜ LİVANELİ
260
_b
DOĞAN EGMONT YAYINLARI
999
_c
1258556
_d
1258556